000 00376nam a2200169Ia 4500
008 220531s9999 xx 000 0 und d
041 _aeng
082 _bSHA
100 _aShaw, B.
_935932
245 _aFour Plays By B. Shaw
260 _bDell
_c1996
300 _a416
542 _d12-10-1997
650 _aEnglish
_935933
906 _d1997-1998
999 _c21990
_d21990